000 00667nam a2200193Ia 4500
008 151119s9999||||xx |||||||||||||| ||und||
082 _a891.46308
082 _bGKKV18169
100 _aतेंडुलकर प्रिया
245 _aजन्मलेल्या प्रत्येकाला
260 _a--
260 _b--
260 _c1991
600 _aतेंडुलकर प्रिया
630 _aजन्मलेल्या प्रत्येकाला
700 _aतेंडुलकर प्रिया
730 _aजन्मलेल्या प्रत्येकाला
942 _cBOOK
999 _c1071247
_d1071244